| 000 | 01222nam a22003857a 4500 | ||
|---|---|---|---|
| 003 | CHAP | ||
| 005 | 20220329143653.0 | ||
| 008 | 101206s1982 mx a r 00010 spa d | ||
| 010 | _a100070 | ||
| 011 | _a101042 | ||
| 035 | _a111728 | ||
| 040 | _cCHAP | ||
| 082 | 0 | 0 |
_a638.1 _bM88 |
| 100 | 1 |
_aMuciño de Proaño, Magdalena. _979247 |
|
| 245 | 1 | 0 |
_aApicultura _c/por Magdalena Muciño de Proaño |
| 260 |
_aMéxico, D. F. : _bNovedades, _c1982 |
||
| 300 |
_a94 p. : _bilus. |
||
| 490 |
_aManuales ilustrados de Novedades _v; 3 |
||
| 590 |
_aBATCH-UPD _b10 _c20130110 _lUCH01 _h1105 |
||
| 590 |
_aBATCH-UPD _b10 _c20130410 _lUCH01 _h0657 |
||
| 590 |
_aBATCH-UPD _b10 _c20130914 _lUCH01 _h1010 |
||
| 590 |
_aCONVERSION _b10 _c20130109 _lUCH01 _h1355 |
||
| 650 | 1 | 4 |
_aAbejas reina. _9196 |
| 650 | 1 | 4 |
_aAbejas _xEnfermedades. _9186 |
| 650 | 1 | 4 |
_aAbejas _xPlagas. _9191 |
| 650 | 1 | 4 |
_aApicultura. _96241 |
| 650 | 1 | 4 |
_aApicultura _xEquipo. _96259 |
| 650 | 1 | 4 |
_aColmenas. _925339 |
| 650 | 1 | 4 |
_aMiel de abejas _xProducción. _975569 |
| 830 | 0 |
_aManuales ilustrados de Novedades _v; 3 _970685 |
|
| 901 | _aBK | ||
| 911 | _aen proceso | ||
| 942 | _cLIBRO | ||
| 949 |
_a638.1 M88 _bBC _cLIBRO _d33724002118405 _eLIBRO _h113957 _i111728 _sb |
||
| 999 |
_c100070 _d100070 |
||